Top 100 Baby Boy Names in 2019 - New Zealand - Statistics

General Stats
  • This quiz has been taken 400 times
  • The average score is 54 of 100
Answer Stats
Rank Hint Answer % Correct
1 O Oliver
97%
4 J Jack
95%
7 W William
95%
6 G George
91%
8 J James
91%
9 T Thomas
91%
13 L Liam
89%
2 N Noah
89%
38 H Harry
87%
20 H Henry
87%
3 L Leo
84%
89 M Michael
82%
25 L Luca
80%
80 L Luka
80%
24 A Alexander
79%
45 E Eli
79%
17 E Ethan
78%
49 L Luke
78%
69 M Matthew
78%
60 J John
77%
5 L Lucas
77%
48 D Daniel
76%
27 J Jacob
76%
16 O Oscar
76%
29 B Benjamin
75%
83 C Charles
74%
99 L Leon
73%
10 C Charlie
72%
100 D David
72%
26 J Jackson
72%
57 J Jaxon
72%
37 S Samuel
72%
36 I Isaac
71%
18 E Elijah
70%
90 Z Zachary
70%
78 A Adam
69%
44 T Theo
68%
50 L Logan
67%
54 J Joseph
66%
34 J Joshua
66%
59 X Xavier
66%
14 M Mason
64%
42 R Ryan
64%
88 A Aiden
62%
76 E Edward
62%
70 N Nathan
62%
35 A Arthur
60%
15 T Theodore
60%
33 H Harrison
57%
31 A Archie
56%
75 L Louis
56%
32 F Finn
55%
67 C Connor
54%
77 T Tyler
52%
21 M Max
51%
12 H Hunter
50%
43 C Caleb
49%
30 L Levi
49%
97 E Elliot
47%
28 C Carter
45%
74 J Jordan
45%
87 D Dylan
44%
62 J Jayden
44%
40 H Hugo
43%
46 A Asher
41%
96 G Gabriel
41%
72 S Sebastian
41%
56 H Harvey
39%
53 R Riley
39%
23 C Cooper
36%
52 E Ezra
36%
64 A Austin
35%
85 I Isaiah
35%
92 H Harley
34%
55 B Blake
32%
58 G Grayson
32%
66 T Toby
31%
11 A Arlo
30%
47 F Felix
30%
22 H Hudson
30%
41 L Lincoln
29%
71 R Roman
29%
82 W Wyatt
29%
79 A Ashton
28%
51 A Archer
25%
93 F Flynn
23%
39 B Beau
21%
19 L Lachlan
21%
81 Z Zion
20%
91 M Micah
18%
86 E Ezekiel
17%
63 J Jasper
17%
61 L Louie
14%
68 R Ryder
14%
84 B Bodhi
11%
73 A Angus
9%
65 B Braxton
9%
95 R Ruben
9%
94 P Phoenix
6%
98 N Nikau
2%
No matching quizzes found
Score Distribution
Percent of People with Each Score
Percentile by Number Answered
Your Score History
You have not taken this quiz